Ταυτότητες και εκπαίδευση στη διασπορά

Αποθηκεύτηκε σε:
Λεπτομέρειες βιβλιογραφικής εγγραφής
Κύριος συγγραφέας: Δαμανάκης, Μιχαήλ Ε.
Μορφή: Βιβλίο
Γλώσσα:Greek
Δημοσίευση: Αθήνα : Gutenberg, 2007.
Σειρά:Διαπολιτισμική παιδαγωγική
Θέματα:
Ετικέτες: Προσθήκη ετικέτας
Δεν υπάρχουν, Καταχωρήστε ετικέτα πρώτοι!

MARC

LEADER 00000cam a2200000 i 4500
001 1/67534
008 071213s2007 gr | ||| |||| ||gre||
020 |a 9789600111125 
035 |l 10093073 
040 |a GR-MY-UA  |b gre  |e aacr 
041 0 |a gre 
082 7 |a 370.117   |2 (22) 
100 1 |a Δαμανάκης, Μιχαήλ Ε. 
245 1 0 |a Ταυτότητες και εκπαίδευση στη διασπορά /   |c Μιχάλης Δαμανάκης.  
260 |a Αθήνα :   |b Gutenberg,   |c 2007.  
300 |a 299 σ. :   |b πίν. ;   |c 24 εκ.  
490 1 |a (Διαπολιτισματική παιδαγωγική) 
504 |a Βιβλιογραφία: σ. 249-261. Ευρετήριο.  
650 0 0 |a Emigration and immigration  |x Social aspects. 
650 0 0 |a Children of immigrants  |x Education. 
650 0 0 |a Multicultural education. 
650 0 0 |a Education  |x Demographic aspects. 
830 0 |a Διαπολιτισμική παιδαγωγική 
852 |a INST  |b RHODES  |e 20071213  |h 370.117 ΔΑΜ  |p 005400025021  |q 005400025021  |t BK  |y 0 
852 |a INST  |b RHODES  |e 20121112  |h 370.117 ΔΑΜ  |p 005400034743  |q 005400034743  |t BK  |y 4  |x 20200123 
901 |a BIBL4-2007-3 
901 |a BIBL4-2012-3 
909 |a Ρ  |b 141648 
909 |a Ρ  |b 177254 
922 |a 4ΕΛΗ  |b 200711  |c ΕΠΕΑΕΚ2/ΠΤΔΕ  |d Σ. ΠΑΤΑΚΗΣ 
922 |a 4ΕΛΗ  |b 201210  |c ΤΑΚ/ΠΤΔΕ  |d BEST BOOK HUNTERS 
970 |a ΧΑΡΙΟΠΟΛΙΤΟΥ  |b ΚΩΝΣΤΑΝΤΙΝΑ  |z 2007/12/13